Fundamentals of Information Technology (Record no. 124)

MARC details
000 -LEADER
fixed length control field 00405nam a22001697a 4500
005 - DATE AND TIME OF LATEST TRANSACTION
control field 20180131153334.0
008 - FIXED-LENGTH DATA ELEMENTS--GENERAL INFORMATION
fixed length control field 160427b xxu||||| |||| 00| 0 eng d
020 ## - INTERNATIONAL STANDARD BOOK NUMBER
ISBN 81-8209245-0
041 ## - LANGUAGE CODE
Language code of text/sound track or separate title eng
082 ## - DEWEY DECIMAL CLASSIFICATION NUMBER
Item number 00392
Classification number 004
100 ## - MAIN ENTRY--AUTHOR NAME
Personal name Leon, Alexis
245 ## - TITLE STATEMENT
Title Fundamentals of Information Technology
250 ## - EDITION STATEMENT
Edition statement 2nd ed
260 ## - PUBLICATION, DISTRIBUTION, ETC. (IMPRINT)
Place of publication Chennai
Name of publisher Leon Press,
Year of publication 2009
300 ## - PHYSICAL DESCRIPTION
Number of Pages 578
942 ## - ADDED ENTRY ELEMENTS (KOHA)
Koha item type Books
Holdings
Lost status Damaged status Collection code Home library Current library Shelving location Date acquired Source of acquisition Cost, normal purchase price Full call number Accession Number Koha item type
    CS/IT JRU Library JRU Library SHELF-48-C 27/04/2016 PURCHASE 325.00 004 00392 Books
    CS/IT JRU Library JRU Library SHELF-48-C 27/04/2016 PURCHASE 325.00 004 00393 Books
    Reference JRU Library   SHELF -72- H 27/04/2016   325.00 00392 00394 Books
    CS/IT JRU Library JRU Library SHELF-48-C 27/04/2016 PURCHASE 325.00 004 00395 Books
    CS/IT JRU Library JRU Library SHELF-48-C 27/04/2016 PURCHASE 325.00 004 00396 Books
    CS/IT JRU Library JRU Library SHELF-48-D 27/04/2016 PURCHASE 325.00 004 00397 Books
    CS/IT JRU Library JRU Library SHELF-48-D 27/04/2016 PURCHASE 325.00 004 00398 Books
    CS/IT JRU Library JRU Library SHELF-48-D 27/04/2016 PURCHASE 325.00 004 00399 Books
    CS/IT JRU Library JRU Library SHELF-48-C 27/04/2016 PURCHASE 325.00 004 00400 Books
    CS/IT JRU Library JRU Library SHELF-48-C 27/04/2016 PURCHASE 325.00 004 00401 Books